Great Personalities of The World/ (Record no. 204663)

MARC details
000 -LEADER
fixed length control field 00550nam a22001937a 4500
005 - DATE AND TIME OF LATEST TRANSACTION
control field 20240801101844.0
010 ## - LCCN (DPL NO)
LC control number ENG-140804
020 ## - INTERNATIONAL STANDARD BOOK NUMBER
International Standard Book Number 9789381382127
Terms of availability 400.00
035 ## - SYSTEM CONTROL NUMBER
System control number EN-124336
037 ## - SOURCE OF ACQUISITION
Source of stock number/acquisition DBAD
082 ## - DEWEY DECIMAL CLASSIFICATION NUMBER
Classification number 920
Edition number 1
100 ## - MAIN ENTRY--PERSONAL NAME
Personal name Saran, Renu
245 ## - TITLE STATEMENT
Title Great Personalities of The World/
Statement of responsibility, etc By Renu Saran
250 ## - EDITION STATEMENT
Edition statement 1
260 ## - PUBLICATION, DISTRIBUTION, ETC. (IMPRINT)
Place of publication, distribution, etc Uttar Pradesh
Name of publisher, distributor, etc Amrita Books
Date of publication, distribution, etc 2011
270 ## - ADDRESS
Address Plot No. 231, Sector-15A
City Uttar Pradesh
Postal code 201301
300 ## - PHYSICAL DESCRIPTION
Extent 302p.
Dimensions 22cm(hb)
Other physical details ill.
942 ## - ADDED ENTRY ELEMENTS (KOHA)
Source of classification or shelving scheme Dewey Decimal Classification
Item type English Books
Classification part 920
Call number suffix SAR
Edition 1
Holdings
Withdrawn status Lost status Not for loan Collection code Home library Current library Date acquired Source of acquisition Cost, normal purchase price Full call number Barcode Copy number Cost, replacement price Koha item type
      Non-fiction Patel Nagar Patel Nagar 01/08/2024 DBAD 400.00 920 SAR EN-124336 1 400.00 English Books

© Delhi Public Library
Hit Counter
free hit counter